Statistics for xaphoonucrazy's Bacon Puzzle #2

Click here to take the quiz!

General Stats

  • This quiz has been taken 453 times
  • The average score is 12 of 24

Answer Stats

Co-Star #1 Co-Star #2 Movie % Correct
Uma ThurmanSonny ChibaKill Bill: Vol. 1
92%
Tom HanksMichael Clarke DuncanThe Green Mile
92%
Morgan FreemanMatt DamonInvictus
88%
Denzel WashingtonEthan HawkeTraining Day
86%
Matt DamonTom HanksSaving Private Ryan
80%
Robert De NiroJoe PesciGoodfellas
78%
Anthony HopkinsJodie FosterSilence of the Lambs
74%
Jodie FosterRobert De NiroTaxi Driver
71%
Tim RobbinsMorgan FreemanThe Shawshank Redemption
64%
Joe PesciMacaulay CulkinHome Alone
62%
Macaulay CulkinTim RobbinsJacob's Ladder
55%
Ethan HawkeUma ThurmanGattaca
53%
Edward NortonJessica BielThe Illusionist
45%
Michael Clarke DuncanClive OwenSin City
40%
Henry FondaKatharine HepburnOn Golden Pond
40%
Richard GereEdward NortonPrimal Fear
37%
Katharine HepburnSidney PoitierGuess Who's Coming to Dinner
35%
Clive OwenChiwetel EjioforChildren of Men
33%
Sidney PoitierRichard GereThe Jackal
32%
Jessica BielAnthony HopkinsHitchcock
14%
ToshirĂ´ MifuneHenry FondaMidway
12%
Sonny ChibaTakashi ShimuraThe Bullet Train
5%
Chiwetel EjioforDenzel WashingtonAmerican Gangster
4%
Takashi ShimuraToshirĂ´ MifuneSeven Samurai
2%

Score Distribution

Percentile by Number Answered

Percent of People with Each Score

Your Score History

You have not taken this quiz